Deutsche Firmenlogos aber in schlecht gezeichnet - Statistiken

Allgemein
  • Dieses Quiz wurde 293 mal gespielt
    260 seit der letzten Aktualisierung
  • Das Durchschnittsergebnis liegt bei 15 aus 16
Antwortstatistiken
Bildquiz Antwort % Korrekt
Aldi
100%
Deutsche Bahn
100%
Volkswagen
100%
Audi
99%
Edeka
99%
Mercedes
99%
Bayrische Motorenwerke
98%
Deutsche Post
98%
Sparkasse
97%
Telekom
97%
Pro Sieben
95%
Tui
93%
SAP
87%
Rossmann
84%
Deutsche Bank
64%
Würth
50%
Keine übereinstimmenden Quizze gefunden
Verteilung der Resultate
Anzahl Personen mit jedem Resultat
Perzentil nach korrekt beantworteten Fragen
Ihre Resultats-Entwicklung
Sie haben dieses Quiz seit der letzten Aktualisierung nicht gespielt